Personnel management and industrial relations (Record no. 89002)

MARC details
000 -LEADER
fixed length control field 00587nam a2200217Ia 4500
008 - FIXED-LENGTH DATA ELEMENTS--GENERAL INFORMATION
fixed length control field 230125s9999 xx 000 0 und d
020 ## - INTERNATIONAL STANDARD BOOK NUMBER
International Standard Book Number 0-7069-9905-3
041 ## - LANGUAGE CODE
Language code of text/sound track or separate title eng
082 ## - DEWEY DECIMAL CLASSIFICATION NUMBER
Classification number 658.3151
Item number DAV
100 ## - MAIN ENTRY--PERSONAL NAME
Personal name Davar R S
9 (RLIN) 108783
245 ## - TITLE STATEMENT
Title Personnel management and industrial relations
250 ## - EDITION STATEMENT
Edition statement 10th ed
260 ## - PUBLICATION, DISTRIBUTION, ETC. (IMPRINT)
Date of publication, distribution, etc. 1996
Name of publisher, distributor, etc. Vikas Publishing
Place of publication, distribution, etc. New Delhi
300 ## - PHYSICAL DESCRIPTION
Extent 422p
500 ## - GENERAL NOTE
Keywords Industrial relations,PM/IR
500 ## - GENERAL NOTE
Keywords Industrial relation
650 ## - SUBJECT ADDED ENTRY--TOPICAL TERM
Topical term or geographic name as entry element Personal Management
9 (RLIN) 106563
700 ## - ADDED ENTRY--PERSONAL NAME
Personal name Davar R S
9 (RLIN) 108783
906 ## - LOCAL DATA ELEMENT F, LDF (RLIN)
b 16
Holdings
Withdrawn status Lost status Damaged status Not for loan Home library Current library Date acquired Vendor Cost, normal purchase price Bill number Full call number Barcode Date last seen Cost, replacement price Bill Date Koha item type Original Barcode
Withdrawn       Smt. Hiraben Nanavati Institute of Management & Research for Women Smt. Hiraben Nanavati Institute of Management & Research for Women 12/06/1997 Varma Book Distributor 110.00 113 658.3151 DAV B00285 HIMR-BK-285 25/01/2023 94.00 12/06/1997 Books B00285
Withdrawn       Smt. Hiraben Nanavati Institute of Management & Research for Women Smt. Hiraben Nanavati Institute of Management & Research for Women 16/06/1997 System sales 110.00 3005 658.3151 DAV B00305 HIMR-BK-305 25/01/2023 94.00 16/05/1997 Books B00305